Aj vy sa môžete stať "dobrou značkou"

Ako si poradiť s prezentovaním vlastnej osobnej značky. Založenie si živobytia na vlastných schopnostiach. Otázky spojené s fungovaním vlastnej firmy.

Saved in:
Bibliographic Details
Main Author: Škutková, Jana
Format: Book Chapter
Language:Slovak
Subjects:
Tags: Add Tag
No Tags, Be the first to tag this record!

MARC

LEADER 00000naa a2200000 4500
001 0169059
005 20230912102408.6
041 0 |a slo 
044 |a SK 
245 1 0 |a Aj vy sa môžete stať "dobrou značkou"  |c Jana Škutková 
520 |a Ako si poradiť s prezentovaním vlastnej osobnej značky. Založenie si živobytia na vlastných schopnostiach. Otázky spojené s fungovaním vlastnej firmy. 
610 2 0 |a podnikatelia 
610 2 0 |a podnik jednotlivca 
610 2 0 |a stratégia podnikateľská 
610 2 0 |a tajomstvo podnikateľské 
610 2 0 |a know-how 
610 2 0 |a imidž 
610 2 0 |a goodwill 
100 1 |a Škutková, Jana